Central Library OPAC University of Rajshahi

Islamic architecture in North Africa : (Record no. 16113)

MARC details
000 -LEADER
fixed length control field 01026nam a2200277 i 4500
001 - CONTROL NUMBER
control field 16113
003 - CONTROL NUMBER IDENTIFIER
rucl marc code UkOxU
005 - DATE AND TIME OF LATEST TRANSACTION
control field 20211208235945.0
008 - FIXED-LENGTH DATA ELEMENTS--GENERAL INFORMATION
fixed length control field 140211s1976 enkaf b 001 0 eng d
020 ## - INTERNATIONAL STANDARD BOOK NUMBER
International Standard Book Number 0571104606
035 ## - SYSTEM CONTROL NUMBER
System control number OCLC ocm02415323 from D951024M
-- (BD-RjUL)16168
040 ## - CATALOGING SOURCE
Original cataloging agency DLC
Transcribing agency DLC
Modifying agency BD-RjUL
Language of cataloging eng
041 ## - LANGUAGE CODE
Language code of text/sound track or separate title eng
082 ## - DEWEY DECIMAL CLASSIFICATION NUMBER
Classification number 720.961
Author mark and year HII 1976
100 1# - MAIN ENTRY--PERSONAL NAME
Personal name Hill, Derek.
9 (RLIN) 49876
245 10 - TITLE STATEMENT
Title Islamic architecture in North Africa :
Remainder of title a photographic survey /
Statement of responsibility, etc. by Derek Hill ; with notes on the monuments and a concluding essay by Lucien Golvin ; and an introduction by Robert Hillenbrand.
260 ## - PUBLICATION, DISTRIBUTION, ETC. (IMPRINT)
Place of publication, distribution, etc. London :
Name of publisher, distributor, etc. Faber and Faber,
Date of publication, distribution, etc. 1976.
300 ## - PHYSICAL DESCRIPTION
Pagination 167 p., [136] leaves of plates :
Illustrations ill. (some col.) ;
Size 26 cm.
504 ## - BIBLIOGRAPHY, ETC. NOTE
Bibliography, etc Includes bibliographical references and index.
650 #0 - SUBJECT ADDED ENTRY--TOPICAL TERM
Topical term or geographic name as entry element Islamic architecture
Geographic subdivision Africa, North.
9 (RLIN) 49877
Topical term or geographic name as entry element Architecture
Geographic subdivision Africa, North.
9 (RLIN) 49878
700 1# - ADDED ENTRY--PERSONAL NAME
Personal name Golvin, Lucien.
942 ## - ADDED ENTRY ELEMENTS (KOHA)
Source of classification or shelving scheme Dewey Decimal Classification
Koha item type Books
Holdings
Lost status Source of classification or shelving scheme Damaged status Not for loan Collection code Permanent Location Current Location Shelving location Date acquired Source of acquisition Cost, normal purchase price Total Checkouts Full call number Date last seen Copy number Koha item type
  Dewey Decimal Classification     Non-fiction Central Library, University of Rajshahi Central Library, University of Rajshahi   04/09/1979 Helfer 28.50   720.961 HII 1976 11/02/2014 C-2 Books